| 000 | 00985nam a2200229 a 4500 | ||
|---|---|---|---|
| 008 | 120416s1982 ||||||||||||||||| || u | ||
| 020 | _a004710001X | ||
| 050 | _aGF 90 Val | ||
| 100 | _aGold, John Robert | ||
| 245 | 1 | 0 |
_aValued environments _cedited by John R. Gold |
| 260 |
_aLondon _bGeorge Allen & Unwin _c1982 |
||
| 300 | _axi, 206p. : ill. | ||
| 350 | _a0.00 | ||
| 500 | _aBased on the papers presented at a symposium held at the 1978 annual meeting of the Institute of British Geographers at Hull University. -Includes bibliographical references and index. | ||
| 650 | _aLandscape protection--Great Britain | ||
| 650 | _aLandscape assessment--Great Britain | ||
| 650 | _aENVIRONMENTAL POLICY--GREAT BRITAIN | ||
| 650 | _aLAND | ||
| 700 | _aBurgess, Jacquelin A | ||
| 710 | _aInstitute of British Geographers | ||
| 995 |
_D0.00 _FCBU-MAIN LIBRARY (Kitwe) _H1 _I35.00 _M1 _UAVAILABLE _ZMain Library Open Access Collection |
||
| 999 |
_c61229 _d61229 |
||